| 000 | 00735nam a2200217 a 4500 | ||
|---|---|---|---|
| 005 | 20250312063750.0 | ||
| 008 | 080516s1988 mx r 000 0 spa d | ||
| 020 | _a0521317967 | ||
| 035 | _aUPN01000155921 | ||
| 049 | _aCG | ||
| 050 | 4 |
_aBF39 _bR6.3 |
|
| 100 | 1 |
_aRosenthal, Robert, _d1946- |
|
| 245 | 1 | 0 |
_aContrast Analysis : _bfocusend comparisons in the analysis of variance / _cRobert Rosenthal, Ralph L. Rosnow. |
| 260 |
_aUnited States of America : _bCambridge University Press, _c1988. |
||
| 300 |
_a107 p. : _btablas, gráfs. |
||
| 650 | 4 |
_aPsicometría _99969 |
|
| 650 | 4 |
_aANALISIS DE VARIANZA _9274 |
|
| 650 | 4 |
_aCiencias sociales _xMétodos estadísticos _97036 |
|
| 700 | 1 |
_aRosnow, Ralph L., _ecoaut. |
|
| 905 | _aLibro | ||
| 999 |
_c128035 _d128035 |
||